Briefe

Tallennettuna:
Bibliografiset tiedot
Päätekijä: Gorki, Maxim
Aineistotyyppi: Kirja
Kieli:Undetermined
Julkaistu: Berlín Aufbau Verlag 1960
Aiheet:
Tagit: Lisää tagi
Ei tageja, Lisää ensimmäinen tagi!

MARC

LEADER 00000nam a2200000Ia 4500
008 170316s9999 xx 000 0 und d
040 |a cru BVZT 
090 |a 891 G-3b 
100 |a Gorki, Maxim 
245 |a Briefe 
260 |a Berlín 
260 |b Aufbau Verlag 
260 |c 1960 
300 |a 621 páginas 
650 |a LITERATURA RUSA 
999 |c 12054  |d 12054 
942 |c 15 D  |h 891 G-3b  |2 z